header

Elements of ecology (Record no. 255049)

MARC details
000 -LEADER
fixed length control field 00372nam a22001457a 4500
003 - CONTROL NUMBER IDENTIFIER
control field OSt
005 - DATE AND TIME OF LATEST TRANSACTION
control field 20160817153431.0
008 - FIXED-LENGTH DATA ELEMENTS--GENERAL INFORMATION
fixed length control field 160817b xxu||||| |||| 00| 0 eng d
020 ## - INTERNATIONAL STANDARD BOOK NUMBER
International Standard Book Number 9780558363154
040 ## - CATALOGING SOURCE
Transcribing agency N/A
100 ## - MAIN ENTRY--PERSONAL NAME
Personal name Thomas M. Smith ... [at al]
245 ## - TITLE STATEMENT
Title Elements of ecology
260 ## - PUBLICATION, DISTRIBUTION, ETC. (IMPRINT)
Place of publication, distribution, etc New York
Name of publisher, distributor, etc Pearson Custom Publishing
Date of publication, distribution, etc 2009
942 ## - ADDED ENTRY ELEMENTS (KOHA)
Source of classification or shelving scheme Library of Congress Classification
Koha item type Long Loan Books
Holdings
Withdrawn status Lost status Source of classification or shelving scheme Damaged status Not for loan Collection code Home library Current library Shelving location Date acquired Total Checkouts Full call number Barcode Date last seen Price effective from Koha item type Date checked out
    Library of Congress Classification     Non-fiction Rongo University Library Rongo University Library General Stacks 17/08/2016   BF 241 .H55 2009 20154077 17/08/2016 17/08/2016 Long Loan Books  
    Library of Congress Classification     Non-fiction Rongo University Library Rongo University Library General Stacks 23/02/2017   BF 241 .H55 2009 201617094 23/02/2017 23/02/2017 Long Loan Books  
    Library of Congress Classification     Non-fiction Rongo University Library Rongo University Library General Stacks 17/06/2020 1 QH541.S624 2009 20154080 24/05/2024 17/06/2020 Long Loan Books 24/05/2024

© 2026 Rongo University
Contact us: librarian | system librarian | Rongo university